| Tag |
First Indicator |
Second Indicator |
Subfields |
| LEADER |
00000cam a2200000 a 4500 |
| 001 |
in00005748921 |
| 005 |
20260326190632.2 |
| 006 |
m o d |
| 007 |
cr cnu---unuuu |
| 008 |
111115s1965 enka o 000 0 eng d |
| 040 |
|
|
|a OCLCE
|b eng
|e pn
|c OCLCE
|d OCLCQ
|d OCLCF
|d OPELS
|d E7B
|d OCL
|d OCLCQ
|d N$T
|d YDXCP
|d IDEBK
|d OCLCQ
|d VLY
|d COM
|d OCLCO
|d OCLCQ
|d OCLCO
|d OCLCQ
|d OCLCL
|d OCLCQ
|
| 019 |
|
|
|a 1162049696
|a 1162255567
|a 1419439055
|
| 020 |
|
|
|a 9781483180809
|q (electronic bk.)
|
| 020 |
|
|
|a 1483180808
|q (electronic bk.)
|
| 020 |
|
|
|a 9780080111780
|q (electronic bk.)
|
| 020 |
|
|
|a 0080111785
|q (electronic bk.)
|
| 020 |
|
|
|a 1483149366
|
| 020 |
|
|
|a 9781483149363
|
| 035 |
|
|
|a (OCoLC)761383355
|z (OCoLC)1162049696
|z (OCoLC)1162255567
|z (OCoLC)1419439055
|
| 042 |
|
|
|a dlr
|
| 050 |
|
4 |
|a QD257
|b .S5 1965
|
| 072 |
|
7 |
|a SCI
|x 013040
|2 bisacsh
|
| 082 |
0 |
4 |
|a 547.0076
|2 22
|
| 049 |
|
|
|a TXAM
|
| 100 |
1 |
|
|a Showler, A. J.
|
| 245 |
1 |
0 |
|a Model answers in organic chemistry for "A" level and ordinary national certificate students /
|c by A.J. Showler and T.A. Brown.
|
| 250 |
|
|
|a [1st ed.].
|
| 260 |
|
|
|a Oxford ;
|a New York :
|b Pergamon Press,
|c [1965]
|
| 300 |
|
|
|a 1 online resource (xi, 108 pages) :
|b illustrations.
|
| 336 |
|
|
|a text
|b txt
|2 rdacontent
|
| 337 |
|
|
|a computer
|b c
|2 rdamedia
|
| 338 |
|
|
|a online resource
|b cr
|2 rdacarrier
|
| 490 |
1 |
|
|a The Commonwealth and international library. Commonwealth library of model answers
|
| 588 |
0 |
|
|a Print version record.
|
| 505 |
0 |
|
|a Front Cover; Model Answers in Organic Chemistry; Copyright Page; Table of Contents; Introduction; Acknowledgements; Chapter 1. Structure and isomerism; NOTES; (A) STRUCTURAL ISOMERISM; (B) SPATIAL OR STEREOISOMERISM; NOTES; NOTES; Chapter 2. Alky1 halides and related compounds; NOTES; Chapter 3. Ether and alcohols; Chapter 4. Alcohols and phenols; NOTES; NOTES; Chapter 5. Aldehydes and ketones; NOTES; NOTES; NOTES; Chapter 6. Carboxylic acids; NOTES; NOTES; NOTES; Chapter 7. Esters; Chapter 8. Nitriles (cyanides); NOTES; Chapter 9. Amines; NOTES; NOTES; Chapter 10. Diazonium compounds; NOTES
|
| 505 |
8 |
|
|a Chapter 11. Benzene and derivativesNOTES; NOTES; Chapter 12. General reactions; NOTES; NOTES; NOTES; NOTES; Chapter 13. Supplementary questions(in the above order); STRUCTURE AND ISOMERISM; ALIPHATIC HYDROCARBONS; ALKYL HALIDES; ETHERS; ALCOHOLS AND PHENOLS; ALDEHYDES AND PHENOLS; CARBOXYLIC ACIDS; ESTERS; ACID HALIDES AND ANHYDRIDES; AMIDES; AMINES; DIAZONIUM COMPOUNDS; BENZENE AND DERIVATIVES; GENERAL REACTIONS; Chapter 14. Syllabuses and past papers
|
| 520 |
|
|
|a Model Answers in Organic Chemistry aims to provide the student (particularly the student who is working on his own or who is inexperienced in sitting for examinations) with a series of answers which show what is required and expected in the General Certificate of Education Advanced Level and Ordinary National Certificate examinations. Opinions differ in many cases as to what is required in answer to a given question, and the authors would not suggest that their answers are perfect. Nor should the student use them as such, or assume that all the organic chemistry he needs is to be found in thi.
|
| 546 |
|
|
|a English.
|
| 538 |
|
|
|a Master and use copy. Digital master created according to Benchmark for Faithful Digital Reproductions of Monographs and Serials, Version 1. Digital Library Federation, December 2002.
|u http://purl.oclc.org/DLF/benchrepro0212
|5 MiAaHDL
|
| 583 |
1 |
|
|a digitized
|c 2024.
|h HathiTrust Digital Library
|l committed to preserve
|2 pda
|5 MiAaHDL
|
| 650 |
|
0 |
|a Chemistry, Organic
|v Examinations, questions, etc.
|
| 650 |
|
6 |
|a Chimie organique
|v Examens, questions, etc.
|
| 650 |
|
7 |
|a SCIENCE
|x Chemistry
|x Organic.
|2 bisacsh
|
| 650 |
|
7 |
|a Chemistry, Organic
|2 fast
|
| 655 |
|
7 |
|a Electronic books.
|2 local
|
| 655 |
|
7 |
|a Examinations
|2 fast
|
| 655 |
|
7 |
|a Examinations.
|2 lcgft
|
| 700 |
1 |
|
|a Brown, Thomas Anderson,
|e author.
|
| 710 |
2 |
|
|a ScienceDirect (Online service)
|
| 776 |
0 |
8 |
|i Print version:
|a Showler, A.J.
|t Model answers in organic chemistry for "A" level and ordinary national certificate students.
|b [1st ed.].
|d Oxford, New York, Pergamon Press [1965]
|z 9780080111780
|w (DLC) 65018372
|w (OCoLC)4802631
|
| 830 |
|
0 |
|a Commonwealth and international library. Commonwealth library of model answers.
|
| 856 |
4 |
0 |
|u http://proxy.library.tamu.edu/login?url=https://www.sciencedirect.com/science/book/9780080111780
|z Connect to the full text of this electronic book
|t 0
|
| 955 |
|
|
|a Elsevier ScienceDirect 2026-2027
|
| 994 |
|
|
|a 92
|b TXA
|
| 999 |
f |
f |
|i 8cea5e09-9143-4e1e-ae89-f194451c0593
|s 69e601a7-e93e-49ed-8315-fe5d9ff69cee
|t 0
|
| 952 |
f |
f |
|a Texas A&M University
|b College Station
|c Electronic Resources
|s www_evans
|d Available Online
|t 0
|e QD257 .S5 1965
|h Library of Congress classification
|
| 998 |
f |
f |
|a QD257 .S5 1965
|t 0
|l Available Online
|